00801nam a2200241Ia 450000500170000000800410001704000190005804100120007708200170008910000200010624500770012625000120020326000480021530000270026344000320029050400500032265000340037270000170040685000100042394200070043399900160044095201030045620230630114608.0131103s9999 xx 000 0 und d aLoreto College aEnglish a942.082bMAR aMarriott,J.A.R. aModern England 1885 - 1945b a history of my own times cJ.A.R. Marriott a4th ed. aLondonbMethuen & Co.c1948 (1960 printing) axix,591 p.b ill.,maps aA History Of England; No. 8 aIncludes bibliographical references and index aEngland - History,1885 - 1945 aOman,Charles aLCLIB cBK c8346d58825 00102ddc4070aMAINbMAINd2013-11-04l0o942.082 MAR 15780pB8218r2013-11-04w2013-11-04yBKf